000 00291nam a2200121Ia 4500
003 GCL
008 140319s9999 xx 000 0 eng d
040 _aGCL /
_cGCL
082 0 4 _a574.87
_bGM
245 1 0 _aThe Machinery of Life
260 _a[S.N] :
_bFaber and Faber ،
_c1992
300 _a140 P
999 _c18044
_d18044